| 000 | 00430nam a2200157Ia 4500 | ||
|---|---|---|---|
| 003 | OSt | ||
| 005 | 20230602100815.0 | ||
| 008 | 211028s2012 xx 000 0 und d | ||
| 040 | _cAIMIT LIBRARY | ||
| 041 | _aeng | ||
| 100 |
_aDeeksha, M; Kudari, Medha. _98344 _e101909 |
||
| 110 |
_aMedha Kudari _98345 |
||
| 245 | _aScore persistence and retrieval for interactive perl tutor. | ||
| 260 |
_aMangalore _c2012 |
||
| 942 |
_2ddc _cPRO |
||
| 999 |
_c219841 _d219841 |
||